[Event "SR Extraliga 2017/2018"]
[Site "?"]
[Date "2017.11.11"]
[Round "3.3"]
[White "Rohacek, Miroslav"]
[Black "Frindt, Kornel"]
[Result "1/2-1/2"]
[WhiteElo "2259"]
[BlackElo "2219"]
[PlyCount "110"]
[EventDate "2017.??.??"]

1. d4 Nf6 2. Nf3 d6 3. Bg5 g6 4. Nc3 Bg7 5. e4 O-O 6. h3 c6 7. Qd2 Re8 8. Be2
Qc7 9. e5 Nd5 10. exd6 Qxd6 11. Ne4 Qd8 12. O-O Nd7 13. Rfe1 N7f6 14. Ng3 Nc7
15. Rad1 Be6 16. c4 Nd7 17. Bh6 f6 18. Bf4 Bf7 19. h4 h5 20. Bd3 Nf8 21. Ne4 b6
22. Nc3 Nce6 23. Be3 Nc7 24. Qc2 Qd7 25. Ne2 Nce6 26. Be4 Rac8 27. d5 cxd5 28.
Bxd5 Qc7 29. Qd2 Red8 30. Nc3 Qb8 31. Qe2 Re8 32. g3 Red8 33. Bc1 Re8 34. b3
Nc5 35. Bxf7+ Kxf7 36. Nd4 a6 37. b4 e5 38. Nf5 Nb7 39. Nxg7 Kxg7 40. Nd5 Nd6
41. c5 bxc5 42. Qxa6 Re6 43. Nf4 exf4 44. Rxe6 Nxe6 45. Rxd6 cxb4 46. Bb2 Nc5
47. Bxf6+ Kf8 48. Qb6 fxg3 49. fxg3 Qxb6 50. Rxb6 Nd7 51. Rd6 Rc1+ 52. Kg2 Rc2+
53. Kf3 Nxf6 54. Rxf6+ Kg7 55. Ra6 Rc3+ 1/2-1/2

[Event "SR Extraliga 2017/2018"]
[Site "?"]
[Date "2017.11.11"]
[Round "3.4"]
[White "Najgebauer, Szemjon"]
[Black "Jablonicky, Martin"]
[Result "0-1"]
[WhiteElo "2180"]
[BlackElo "2313"]
[PlyCount "52"]
[EventDate "2017.??.??"]

1. Nf3 Nf6 2. c4 g6 3. Nc3 Bg7 4. e4 d6 5. d4 O-O 6. Be2 e5 7. O-O Nc6 8. d5
Ne7 9. Nd2 a5 10. a3 Nd7 11. Rb1 f5 12. b4 axb4 13. axb4 fxe4 14. Ndxe4 Nf5 15.
c5 Nf6 16. Bc4 Nd4 17. Bg5 Bf5 18. Ra1 Rxa1 19. Qxa1 Qd7 20. Bxf6 Bxf6 21. Qa7
Bxe4 22. Nxe4 Qg4 23. f3 Nxf3+ 24. Rxf3 Qxe4 25. Qa2 Qe1+ 26. Bf1 e4 0-1

[Event "SR Extraliga 2017/2018"]
[Site "?"]
[Date "2017.11.11"]
[Round "3.5"]
[White "Gasa, Andrej"]
[Black "Vrbova, Niki"]
[Result "1/2-1/2"]
[WhiteElo "2267"]
[BlackElo "2188"]
[PlyCount "85"]
[EventDate "2017.??.??"]

1. e4 c5 2. Nf3 Nc6 3. d4 cxd4 4. Nxd4 Nf6 5. Nc3 e5 6. Ndb5 d6 7. a4 a6 8. Na3
Be7 9. Nc4 Bg4 10. f3 Be6 11. Be3 O-O 12. Nb6 Rb8 13. Qd2 Ne8 14. Be2 f5 15.
exf5 Rxf5 16. O-O Nd4 17. Nbd5 Nxe2+ 18. Qxe2 Rc8 19. Rfd1 Rf7 20. Bb6 Qd7 21.
Bf2 Qc6 22. Rd2 Bg5 23. Rdd1 Bxd5 24. Rxd5 Nf6 25. Rd3 Nh5 26. g3 Be7 27. Rad1
Nf6 28. R1d2 b5 29. axb5 axb5 30. Ne4 Nxe4 31. Qxe4 Qxe4 32. fxe4 Rc4 33. Re2
Bf8 34. Be1 Rfc7 35. c3 Ra4 36. Rd5 Rb7 37. Kf2 Kf7 38. Ke3 Ke6 39. Kd3 Ra1 40.
Kc2 Ra4 41. Kd3 Ra1 42. Kc2 Ra4 43. Kd3 1/2-1/2

[Event "SR Extraliga 2017/2018"]
[Site "?"]
[Date "2017.11.11"]
[Round "3.6"]
[White "Klemanic, Emil"]
[Black "Istona, Martin"]
[Result "1/2-1/2"]
[WhiteElo "2115"]
[BlackElo "2240"]
[PlyCount "64"]
[EventDate "2017.??.??"]

1. e4 c5 2. Nc3 Nc6 3. g3 g6 4. Bg2 Bg7 5. d3 d6 6. f4 Nf6 7. Nf3 Bg4 8. h3
Bxf3 9. Qxf3 Nd7 10. O-O O-O 11. Ne2 e6 12. c3 Rc8 13. Be3 b5 14. a3 a5 15. d4
cxd4 16. cxd4 Nb6 17. b3 d5 18. e5 a4 19. b4 Ne7 20. Rfc1 Nc4 21. g4 f6 22.
exf6 Bxf6 23. Bf2 Qd7 24. Qd3 Bg7 25. Ra2 Rce8 26. Rf1 Kh8 27. Bh4 Nc6 28. Kh1
Rf7 29. Rf3 Qa7 30. Bf2 Qb8 31. Bg3 Qa7 32. Bf2 Qb8 1/2-1/2

[Event "SR Extraliga 2017/2018"]
[Site "?"]
[Date "2017.11.11"]
[Round "3.7"]
[White "Bury, Rastislav"]
[Black "Harvan, Richard"]
[Result "1/2-1/2"]
[WhiteElo "2140"]
[BlackElo "2069"]
[PlyCount "78"]
[EventDate "2017.??.??"]

1. Nf3 c5 2. g3 g6 3. Bg2 Bg7 4. O-O Nc6 5. c4 Nh6 6. Nc3 Nf5 7. e3 O-O 8. a3
e6 9. Ne1 Nfe7 10. Nd3 b6 11. Nf4 Bb7 12. b4 d6 13. Qb3 Qd7 14. Bb2 Ne5 15. Ne4
d5 16. cxd5 exd5 17. d4 cxd4 18. exd4 Nc4 19. Bh3 Qd8 20. Bc3 Nxa3 21. Rxa3
dxe4 22. b5 Nd5 23. Nxd5 Bxd5 24. Qb2 f5 25. Rfa1 Rf7 26. Bd2 Rc7 27. g4 fxg4
28. Bxg4 Qf6 29. Be3 Qh4 30. Bd1 Bf8 31. Ra6 Bd6 32. Bb3 Qxh2+ 33. Kf1 Qh3+ 34.
Ke2 Qg4+ 35. Kf1 Qh3+ 36. Ke2 Qe6 37. Bxd5 Qxd5 38. Qa2 Qxa2+ 39. R1xa2 Rac8
1/2-1/2

[Event "SR Extraliga 2017/2018"]
[Site "?"]
[Date "2017.11.11"]
[Round "3.8"]
[White "Jurcisin, Imrich"]
[Black "Gasa, Patrik"]
[Result "1/2-1/2"]
[WhiteElo "2005"]
[BlackElo "2120"]
[PlyCount "124"]
[EventDate "2017.??.??"]

1. e4 c5 2. Nf3 Nf6 3. Nc3 d6 4. d4 cxd4 5. Nxd4 e5 6. Nb3 Be6 7. Be2 Be7 8.
O-O O-O 9. f4 Qc7 10. f5 Bc4 11. Bd3 Nbd7 12. Qe2 Nb6 13. Bg5 d5 14. Bxf6 Bxf6
15. exd5 Bxd5 16. Ne4 Bxe4 17. Qxe4 Rad8 18. Rae1 Nd5 19. Bc4 Qb6+ 20. Kh1 Nb4
21. c3 Na6 22. Rd1 h6 23. Rd5 Nc7 24. Rdd1 a6 25. Qe2 Nb5 26. Bxb5 axb5 27. Nd2
b4 28. cxb4 Qxb4 29. Ne4 Qe7 30. Qb5 Rxd1 31. Rxd1 Rd8 32. Rd5 Rxd5 33. Qxd5
Qb4 34. h3 Qxb2 35. Nd6 Qc1+ 36. Kh2 Qc7 37. g3 Bg5 38. h4 Bf6 39. Kh3 b6 40.
Ne8 Qe7 41. Nd6 Qd7 42. g4 Bd8 43. Qd2 h5 44. Ne4 hxg4+ 45. Kxg4 Qxd2 46. Nxd2
f6 47. Kf3 Be7 48. Kg4 Kf7 49. Kh5 Bc5 50. Ne4 Bb4 51. Ng3 Bc5 52. Ne4 Bb4 53.
Ng3 Bd2 54. Ne4 Be3 55. Nc3 Bh6 56. Nd5 b5 57. Nc3 b4 58. Ne4 Be3 59. Ng3 Bh6
60. Ne4 Ke7 61. Kg4 Kd7 62. Kf3 Kc6 1/2-1/2

[Event "SR Extraliga 2017/2018"]
[Site "?"]
[Date "2017.11.11"]
[Round "3.1"]
[White "Balogh, Csaba"]
[Black "Hracek, Zbynek"]
[Result "1/2-1/2"]
[WhiteElo "2632"]
[BlackElo "2613"]
[PlyCount "57"]
[EventDate "2017.??.??"]

1. e4 e5 2. Nf3 Nc6 3. Bb5 a6 4. Ba4 Nf6 5. O-O Be7 6. d3 d6 7. c3 O-O 8. Re1
Re8 9. Nbd2 Bf8 10. Nf1 b5 11. Bb3 h6 12. h3 Be6 13. Ne3 Bxb3 14. Qxb3 Qd7 15.
Nh2 Ne7 16. Nhg4 Nxg4 17. Nxg4 Qe6 18. Qxe6 fxe6 19. a4 Reb8 20. b4 a5 21. axb5
axb4 22. Rxa8 Rxa8 23. cxb4 Nc8 24. Be3 Be7 25. Rc1 Bd8 26. Rc6 Kf7 27. d4 exd4
28. Bxd4 e5 29. Be3 1/2-1/2

[Event "SR Extraliga 2017/2018"]
[Site "?"]
[Date "2017.11.11"]
[Round "3.2"]
[White "Babula, Vlastimil"]
[Black "Martinovic, Sasa"]
[Result "1/2-1/2"]
[WhiteElo "2548"]
[BlackElo "2546"]
[PlyCount "67"]
[EventDate "2017.??.??"]

1. d4 Nf6 2. Bf4 d5 3. e3 c5 4. Nf3 Nc6 5. Nbd2 cxd4 6. exd4 Bf5 7. c3 e6 8.
Qb3 Bd6 9. Qxb7 Bxf4 10. Qxc6+ Kf8 11. Be2 g6 12. O-O Kg7 13. Nb3 Rb8 14. Ne5
h5 15. g3 Bxe5 16. dxe5 Ng4 17. Qa4 Nxe5 18. Qxa7 Qb6 19. Qxb6 Rxb6 20. f4 Nc4
21. Bxc4 dxc4 22. Nd4 Rxb2 23. Rf2 Rb1+ 24. Rxb1 Bxb1 25. Rb2 Be4 26. a4 Ra8
27. Rb4 Bd5 28. Kf2 Kf8 29. h4 Ke7 30. Ke3 Kd6 31. Rb6+ Kc7 32. Rb4 Kd6 33.
Rb6+ Kd7 34. Rb4 1/2-1/2

[Event "SR Extraliga 2017/2018"]
[Site "?"]
[Date "2017.11.11"]
[Round "3.3"]
[White "Michalik, Peter"]
[Black "Markos, Jan"]
[Result "1/2-1/2"]
[WhiteElo "2549"]
[BlackElo "2553"]
[PlyCount "60"]
[EventDate "2017.??.??"]

1. d4 Nf6 2. c4 c5 3. d5 b5 4. cxb5 a6 5. bxa6 g6 6. Nc3 Bg7 7. e4 Qa5 8. Bd2
O-O 9. a7 Qxa7 10. Nf3 Ba6 11. Be2 d6 12. O-O Nbd7 13. a4 Qb7 14. Re1 c4 15.
Qc2 Ng4 16. Nd1 Nge5 17. Nxe5 Nxe5 18. Bc3 Nd3 19. Bxd3 cxd3 20. Qd2 Rab8 21.
Ne3 Bxc3 22. bxc3 Qb2 23. Red1 Rfc8 24. c4 Qxd2 25. Rxd2 Bxc4 26. Nxc4 Rxc4 27.
g3 Rbb4 28. a5 Ra4 29. Rxa4 Rxa4 30. Rxd3 Rxa5 1/2-1/2

[Event "SR Extraliga 2017/2018"]
[Site "?"]
[Date "2017.11.11"]
[Round "3.4"]
[White "Mrva, Martin"]
[Black "Rigo, Zsolt"]
[Result "0-1"]
[WhiteElo "2401"]
[BlackElo "2394"]
[PlyCount "74"]
[EventDate "2017.??.??"]

1. e4 c5 2. Nf3 e6 3. Nc3 a6 4. d4 cxd4 5. Nxd4 b5 6. g3 Bb7 7. Bg2 Nf6 8. O-O
b4 9. Nd5 exd5 10. exd5 Bc5 11. Nb3 d6 12. Re1+ Kf8 13. a3 a5 14. axb4 axb4 15.
Rxa8 Bxa8 16. Nxc5 dxc5 17. Bf4 h6 18. Qa1 Nbd7 19. Qa6 Kg8 20. Qd3 g6 21. c4
bxc3 22. bxc3 Kg7 23. c4 Re8 24. Ra1 Bb7 25. Qc3 Qb6 26. Qc1 Bc8 27. Bxh6+ Kg8
28. Bd2 Ne4 29. Ba5 Qf6 30. Bxe4 Rxe4 31. Bc3 Ne5 32. f4 Nf3+ 33. Kf2 Nd4 34.
Ra8 Re2+ 35. Kf1 Re8 36. Qa1 Kh7 37. Ra7 Bh3+ 0-1

[Event "SR Extraliga 2017/2018"]
[Site "?"]
[Date "2017.11.11"]
[Round "3.5"]
[White "Stohl, Igor"]
[Black "Pcola, Pavol"]
[Result "1-0"]
[WhiteElo "2504"]
[BlackElo "2374"]
[PlyCount "123"]
[EventDate "2017.??.??"]

1. c4 c6 2. e4 d5 3. exd5 cxd5 4. d4 Nf6 5. Nc3 Nc6 6. Bg5 Be6 7. a3 h6 8. Bxf6
exf6 9. Be2 Na5 10. cxd5 Bxd5 11. Qa4+ Nc6 12. Bf3 Bxf3 13. Nxf3 Qd7 14. O-O-O
Bd6 15. Rhe1+ Ne7 16. Qxd7+ Kxd7 17. Ne5+ Ke8 18. Nc4 Kd7 19. Nxd6 Kxd6 20.
Ne4+ Kc7 21. Nxf6 Ng6 22. Ng4 Rhe8 23. Ne5 Nf4 24. g3 Nh3 25. f4 f6 26. Nd3 Kd6
27. Kd2 g5 28. fxg5 Nxg5 29. Rf1 Ne4+ 30. Kc2 Rac8+ 31. Kb3 Rc6 32. Rf5 Rb6+
33. Ka2 Rc6 34. Nc5 Nxc5 35. dxc5+ Kc7 36. Rd2 Re5 37. Rxe5 fxe5 38. b4 b6 39.
cxb6+ axb6 40. Kb3 Rf6 41. a4 h5 42. Kc4 h4 43. gxh4 e4 44. Kd4 Rh6 45. Kxe4
Rxh4+ 46. Ke5 Rxb4 47. Rd4 Rb2 48. h4 b5 49. axb5 Rxb5+ 50. Kf4 Kc6 51. Kg4 Rb1
52. h5 Rg1+ 53. Kf5 Kc5 54. Rd2 Rf1+ 55. Kg6 Rg1+ 56. Kh7 Kc6 57. h6 Kc7 58.
Kh8 Kc8 59. h7 Kc7 60. Rf2 Kd7 61. Rf8 Ke7 62. Rg8 1-0

[Event "SR Extraliga 2017/2018"]
[Site "?"]
[Date "2017.11.11"]
[Round "3.6"]
[White "Krak, Tomas"]
[Black "Schwarz, Dusan"]
[Result "0-1"]
[WhiteElo "2312"]
[BlackElo "2284"]
[PlyCount "72"]
[EventDate "2017.??.??"]

1. c4 e5 2. Nc3 Nf6 3. Nf3 Nc6 4. e4 Bc5 5. Nxe5 Nxe5 6. d4 Bb4 7. dxe5 Nxe4 8.
Qf3 d5 9. Be2 Qe7 10. O-O Bxc3 11. bxc3 Qxe5 12. Bf4 Qxc3 13. Bd3 Bg4 14. Qxg4
Qxd3 15. Rad1 Qxc4 16. Qxg7 O-O-O 17. Rc1 Nc3 18. Qg4+ Rd7 19. Kh1 d4 20. Bd2
Qe6 21. Qg7 Rhd8 22. Qxh7 Qxa2 23. Ra1 Qxd2 24. Rxa7 c6 25. Qf5 Nb5 26. Ra8+
Kc7 27. Qe5+ Kb6 28. Ra4 Rd5 29. Qe7 R8d7 30. Qe8 d3 31. Rfa1 Qc3 32. Qc8 Rc7
33. Qb8 d2 34. Ra6+ Kc5 35. Qf8+ Rd6 36. R6a4 Qc1+ 0-1

[Event "SR Extraliga 2017/2018"]
[Site "?"]
[Date "2017.11.11"]
[Round "3.7"]
[White "Banas, Kamil"]
[Black "Skreno, Vladimir"]
[Result "1-0"]
[WhiteElo "2265"]
[BlackElo "2200"]
[PlyCount "65"]
[EventDate "2017.??.??"]

1. e4 c5 2. Nf3 Nc6 3. d4 cxd4 4. Nxd4 Nf6 5. Nc3 g6 6. Nxc6 bxc6 7. e5 Ng8 8.
Bc4 Bg7 9. Qf3 f5 10. Bf4 Qa5 11. Qg3 e6 12. O-O-O Ne7 13. h4 Qc5 14. Bb3 h6
15. Rhe1 Kf7 16. Bd2 Nd5 17. Qf3 Bb7 18. Ne4 Qb6 19. Be3 Qc7 20. Nd6+ Kg8 21.
Bc5 a5 22. c4 Nb4 23. h5 Na6 24. Ba3 gxh5 25. Nxf5 Bxe5 26. Qxh5 Bf4+ 27. Kb1
Rh7 28. Qg6+ Kh8 29. Be7 Bg5 30. Bxg5 hxg5 31. Qf6+ Kg8 32. Rh1 Qd8 33. Qg6+
1-0

[Event "SR Extraliga 2017/2018"]
[Site "?"]
[Date "2017.11.11"]
[Round "3.8"]
[White "Pcola, Jaroslav st"]
[Black "Machata, Martin"]
[Result "1/2-1/2"]
[WhiteElo "2123"]
[BlackElo "2207"]
[PlyCount "68"]
[EventDate "2017.??.??"]

1. e4 g6 2. d4 Bg7 3. Nc3 d6 4. g3 a6 5. Bg2 b5 6. Nge2 Bb7 7. a3 Nd7 8. O-O c5
9. Be3 Rc8 10. h3 cxd4 11. Bxd4 Bxd4 12. Qxd4 Ngf6 13. g4 O-O 14. Rad1 Qb6 15.
Rfe1 Qxd4 16. Nxd4 Rc4 17. Bf1 Rc5 18. Nb3 Rc7 19. f3 Rfc8 20. Nd4 Ne5 21. Kf2
Kf8 22. Rd2 Rc5 23. Nb3 R5c7 24. Nd4 Nc4 25. Bxc4 Rxc4 26. Ree2 Nd7 27. Nd1 Nb6
28. Ne3 R4c7 29. c3 Nc4 30. Nxc4 Rxc4 31. Nc2 R4c5 32. Ne3 a5 33. Nc2 Ba6 34.
Re3 R8c7 1/2-1/2

[Event "SR Extraliga 2017/2018"]
[Site "?"]
[Date "2017.11.12"]
[Round "3.1"]
[White "Petenyi, Tamas"]
[Black "Motuz, Karol"]
[Result "1-0"]
[WhiteElo "2454"]
[BlackElo "2432"]
[PlyCount "101"]
[EventDate "2017.??.??"]

1. Nf3 d5 2. g3 g6 3. Bg2 Bg7 4. O-O e5 5. d3 Ne7 6. Nbd2 O-O 7. e4 Nbc6 8. c3
Re8 9. Qc2 h6 10. b4 a6 11. Bb2 Be6 12. a3 dxe4 13. dxe4 g5 14. Rad1 Qc8 15. h4
f6 16. Rfe1 Ng6 17. hxg5 fxg5 18. Nf1 Nce7 19. Ne3 Rf8 20. Nh2 Qe8 21. Nd5 Rc8
22. Nf1 Qf7 23. Nfe3 Kh8 24. Qe2 Ng8 25. Nf5 c6 26. Nd6 Qd7 27. Nb6 Qc7 28.
Nbxc8 Bxc8 29. Nxc8 Qxc8 30. Rd2 Nf6 31. Red1 Kh7 32. Rd6 Rf7 33. Qc4 Re7 34.
Qe2 Rf7 35. c4 Bf8 36. Rd8 Qe6 37. c5 h5 38. Bc1 Be7 39. Rb8 h4 40. Bxg5 hxg3
41. fxg3 Kg7 42. Rxb7 Bxc5+ 43. bxc5 Rxb7 44. Rd6 Rb1+ 45. Bf1 Qb3 46. Bxf6+
Kf7 47. Qf2 Rb2 48. Bc4+ Qxc4 49. Qxb2 Qxc5+ 50. Qf2 Qxd6 51. Bxe5+ 1-0

[Event "SR Extraliga 2017/2018"]
[Site "?"]
[Date "2017.11.12"]
[Round "3.2"]
[White "Piesik, Piotr"]
[Black "Czebe, Attila"]
[Result "1/2-1/2"]
[WhiteElo "2366"]
[BlackElo "2451"]
[PlyCount "47"]
[EventDate "2017.??.??"]

1. Nf3 b6 2. g3 g6 3. Bg2 Bb7 4. O-O Bg7 5. d4 Nf6 6. c4 O-O 7. Nc3 Ne4 8. Nxe4
Bxe4 9. Bf4 c5 10. Be5 f6 11. Bf4 cxd4 12. Qxd4 Bb7 13. Qd2 d6 14. Bh6 Qd7 15.
Rfd1 Na6 16. Bxg7 Kxg7 17. Qe3 Rfc8 18. Rac1 Bxf3 19. Bxf3 Rab8 20. Rd4 Rc5 21.
Rcd1 Re5 22. Qa3 Ra5 23. Qe3 Re5 24. Qa3 1/2-1/2

[Event "SR Extraliga 2017/2018"]
[Site "?"]
[Date "2017.11.12"]
[Round "3.3"]
[White "Varga, Zoltan"]
[Black "Vojtek, Vladimir"]
[Result "0-1"]
[WhiteElo "2447"]
[BlackElo "2284"]
[PlyCount "80"]
[EventDate "2017.??.??"]

1. e4 e5 2. Nf3 Nc6 3. Bb5 a6 4. Ba4 b5 5. Bb3 Na5 6. O-O d6 7. Re1 g5 8. d3 g4
9. Nfd2 h5 10. Nf1 h4 11. c4 h3 12. g3 Be6 13. Nc3 Ne7 14. d4 exd4 15. Qxd4 Rg8
16. Nd5 Bg7 17. Nf6+ Bxf6 18. Qxf6 Nec6 19. Qc3 b4 20. Qe3 Ne5 21. Rd1 Bxc4 22.
Ba4+ Bb5 23. Bxb5+ axb5 24. b3 Qf6 25. Rb1 Qf3 26. Qxf3 Nxf3+ 27. Kh1 Nc6 28.
Rb2 O-O-O 29. Be3 Rd7 30. Rd5 Re8 31. Rc2 Nd8 32. Rxb5 Rxe4 33. Ra5 c5 34. Bxc5
dxc5 35. Raxc5+ Kb8 36. Rc1 Ne6 37. Rc8+ Kb7 38. Ne3 Nc7 39. Rg8 Rxe3 40. Rxg4
Red3 0-1

[Event "SR Extraliga 2017/2018"]
[Site "?"]
[Date "2017.11.12"]
[Round "3.4"]
[White "Zvarik, Martin"]
[Black "Bagi, Mate"]
[Result "1/2-1/2"]
[WhiteElo "2244"]
[BlackElo "2445"]
[PlyCount "190"]
[EventDate "2017.??.??"]

1. e4 e5 2. Nf3 Nc6 3. Bc4 Nf6 4. d3 Be7 5. a3 O-O 6. Nc3 d6 7. b4 Be6 8. Bxe6
fxe6 9. Bd2 a6 10. Qb1 Qd7 11. Qb3 Kh8 12. Ne2 Nh5 13. h4 d5 14. Ng5 Nf4 15.
Bxf4 exf4 16. d4 dxe4 17. Qxe6 Qe8 18. d5 Bxg5 19. Qxe8 Raxe8 20. hxg5 Ne5 21.
O-O-O Ng4 22. Rh4 f3 23. Rxg4 fxe2 24. Re1 Rxf2 25. Kd2 Re5 26. c4 b5 27. Ke3
Rff5 28. cxb5 axb5 29. Rxe4 Rxg5 30. Rxe5 Rxe5+ 31. Kd4 Re7 32. Kc5 Kg8 33.
Kxb5 Kf7 34. a4 Ke8 35. a5 Kd7 36. a6 Kc8 37. Kc6 Kb8 38. b5 Re3 39. a7+ Kxa7
40. Kxc7 Rc3+ 41. Kd7 Re3 42. Kc6 Rc3+ 43. Kd6 Re3 44. Kc5 Kb7 45. d6 Re5+ 46.
Kc4 Kb6 47. Kd4 Rxb5 48. Rxe2 Kc6 49. Re7 Rg5 50. d7 Kc7 51. g4 Rxg4+ 52. Ke5
Kd8 53. Rf7 h5 54. Kf5 Rg1 55. Ke6 Rg6+ 56. Ke5 Kc7 57. Kf5 Rg1 58. Ke6 Re1+
59. Kd5 Rd1+ 60. Ke6 Rd6+ 61. Kf5 g6+ 62. Kg5 Rxd7 63. Rf2 Rd6 64. Ra2 Kb6 65.
Rb2+ Kc5 66. Ra2 Kc4 67. Ra4+ Kd5 68. Ra5+ Ke4 69. Ra3 Re6 70. Rh3 Ra6 71. Rh4+
Ke5 72. Rb4 Re6 73. Ra4 Kd6 74. Ra6+ Ke7 75. Ra7+ Kf8 76. Kh6 Ke8 77. Kg5 Rd6
78. Rb7 Kd8 79. Ra7 Kc8 80. Rg7 Kd8 81. Ra7 Ke8 82. Rb7 Kf8 83. Kh6 Re6 84. Kg5
Rd6 85. Ra7 Kg8 86. Ra8+ Kf7 87. Ra7+ Ke8 88. Rh7 Re6 89. Ra7 Kf8 90. Rb7 Kg8
91. Ra7 Kf8 92. Rb7 Re7 93. Rb6 Kf7 94. Rf6+ Ke8 95. Rxg6 Kd7 1/2-1/2

[Event "SR Extraliga 2017/2018"]
[Site "?"]
[Date "2017.11.12"]
[Round "3.5"]
[White "Meszaros, Michal"]
[Black "Bombek, Peter"]
[Result "1-0"]
[WhiteElo "2359"]
[BlackElo "2241"]
[PlyCount "103"]
[EventDate "2017.??.??"]

1. e4 e6 2. d3 d5 3. Nd2 c5 4. g3 Nc6 5. Bg2 Nf6 6. Ngf3 Be7 7. O-O O-O 8. Re1
Qc7 9. Nf1 b5 10. h4 Bb7 11. e5 Nd7 12. Bf4 Nd4 13. Nxd4 cxd4 14. Nh2 Rfc8 15.
Re2 a5 16. Nf3 Qc5 17. Bh3 Ra6 18. Qd2 a4 19. Bg5 Bf8 20. h5 h6 21. Bh4 a3 22.
b3 Qc3 23. Qxc3 dxc3 24. d4 g5 25. hxg6 fxg6 26. g4 g5 27. Bg3 b4 28. Ne1 Bg7
29. Re3 Rb6 30. Ng2 Ba6 31. f4 gxf4 32. Nxf4 Nf8 33. Bh4 Kh7 34. Nh5 Ng6 35.
Bf6 Bh8 36. Kf2 Rg8 37. Rg1 Nf8 38. Rf3 Rb7 39. Ke3 Rf7 40. Rfg3 Nd7 41. g5 Nf8
42. Bxh8 Kxh8 43. g6 Rfg7 44. Nxg7 Rxg7 45. Rf3 Kg8 46. Rf6 Bc8 47. Bf1 Re7 48.
Bd3 Nd7 49. Rgf1 Re8 50. Rf7 Rf8 51. Bb5 Rxf7 52. Rxf7 1-0

[Event "SR Extraliga 2017/2018"]
[Site "?"]
[Date "2017.11.12"]
[Round "3.6"]
[White "Borik, Juraj"]
[Black "Csonka, Attila"]
[Result "0-1"]
[WhiteElo "2157"]
[BlackElo "2366"]
[PlyCount "80"]
[EventDate "2017.??.??"]

1. c4 e5 2. Nc3 Nf6 3. Nf3 Nc6 4. d4 exd4 5. Nxd4 Bb4 6. Nc2 Bxc3+ 7. bxc3 d6
8. f3 Nh5 9. Qd5 f5 10. Be3 Nf6 11. Qd2 b6 12. Bf2 O-O 13. e3 Ne5 14. Nd4 Qe8
15. Be2 Be6 16. Qc2 g6 17. O-O Bxc4 18. Bxc4+ Nxc4 19. Rfe1 c5 20. Nb3 Qe6 21.
Nd2 Rae8 22. Nf1 d5 23. h3 Rf7 24. Red1 Qc6 25. Re1 Ne5 26. Red1 c4 27. Rd4 Nd3
28. Bg3 Nh5 29. Bh2 Rfe7 30. g4 Ng7 31. Rd1 Rxe3 32. Nxe3 Rxe3 33. Bf4 Rxf3 34.
Qg2 Rxf4 35. R1xd3 cxd3 36. Rxf4 Ne6 37. Rf3 Qxc3 38. gxf5 Nd4 39. Rf1 Ne2+ 40.
Kh1 Qe5 0-1

[Event "SR Extraliga 2017/2018"]
[Site "?"]
[Date "2017.11.12"]
[Round "3.7"]
[White "Takacs, Laszlo"]
[Black "Kovacik, Emil"]
[Result "1-0"]
[WhiteElo "2241"]
[BlackElo "2119"]
[PlyCount "117"]
[EventDate "2017.??.??"]

1. e4 e6 2. d4 d5 3. Nd2 Be7 4. Bd3 c5 5. dxc5 Nf6 6. exd5 Qxd5 7. Ngf3 Bxc5 8.
O-O Nc6 9. Nb3 Bb6 10. Qe2 Qh5 11. Bf4 Bd7 12. a4 Rc8 13. c3 O-O 14. Rfd1 Rfd8
15. Bg5 h6 16. Bxf6 gxf6 17. Nfd4 Qxe2 18. Bxe2 e5 19. Nxc6 Bxc6 20. a5 Bc7 21.
Bg4 Rb8 22. Nc5 Bd6 23. Nd3 Be4 24. Ne1 Bc7 25. Kf1 Rxd1 26. Bxd1 Rd8 27. Ke2
Rd6 28. Ke3 f5 29. Bf3 Bxf3 30. Nxf3 Kg7 31. b4 Kf6 32. Ke2 Rc6 33. Kd2 Rc4 34.
Ng1 e4 35. g3 f4 36. Ne2 f3 37. Nd4 Be5 38. Ke3 Rxc3+ 39. Kxe4 Rc4 40. Rd1 Rxb4
41. Ke3 Bxd4+ 42. Rxd4 Rxd4 43. Kxd4 Ke6 44. Ke4 Kd6 45. Kxf3 Kc5 46. Ke3 Kb5
47. g4 Kxa5 48. h4 Kb4 49. h5 f6 50. f4 a5 51. g5 fxg5 52. fxg5 hxg5 53. h6 a4
54. h7 a3 55. h8=Q Kb3 56. Qa1 a2 57. Kd3 b5 58. Qc3+ Ka4 59. Qb2 1-0

[Event "SR Extraliga 2017/2018"]
[Site "?"]
[Date "2017.11.12"]
[Round "3.8"]
[White "Podoba, Milan"]
[Black "Matis, Tibor"]
[Result "1-0"]
[WhiteElo "2039"]
[BlackElo "1911"]
[PlyCount "73"]
[EventDate "2017.??.??"]

1. e4 c5 2. c3 d5 3. exd5 Qxd5 4. d4 Nc6 5. Nf3 Nf6 6. Be2 cxd4 7. cxd4 e6 8.
O-O Be7 9. Nc3 Qd8 10. Be3 O-O 11. Ne5 Nb4 12. Bf3 Nbd5 13. Qb3 a6 14. Rac1 Qd6
15. a3 Bd7 16. Nc4 Qc7 17. Nxd5 Nxd5 18. Bxd5 exd5 19. Nb6 Qd6 20. Nxa8 Bb5 21.
Nb6 Bxf1 22. Rxf1 Rd8 23. Rc1 Bf6 24. g3 h5 25. h4 Qe6 26. Bg5 Bxg5 27. hxg5
Qf5 28. Qe3 h4 29. Qe5 Qf3 30. Qf4 Qb3 31. Rc7 Rf8 32. Nd7 Qd1+ 33. Kg2 h3+ 34.
Kxh3 Qh1+ 35. Kg4 g6 36. Nf6+ Kg7 37. Qe5 1-0

[Event "SR Extraliga 2017/2018"]
[Site "?"]
[Date "2017.11.11"]
[Round "3.1"]
[White "Banusz, Tamas"]
[Black "Miton, Kamil"]
[Result "1-0"]
[WhiteElo "2616"]
[BlackElo "2596"]
[PlyCount "89"]
[EventDate "2017.??.??"]

1. Nf3 d5 2. g3 Nf6 3. Bg2 c6 4. O-O Bg4 5. c4 e6 6. d3 Be7 7. Qb3 Qb6 8. Qc2
Nbd7 9. b3 O-O 10. Bb2 Qa5 11. a3 dxc4 12. bxc4 Qh5 13. h4 e5 14. Nbd2 Rfe8 15.
Rab1 Bd6 16. Rfe1 Nc5 17. Bc3 e4 18. dxe4 Nfxe4 19. Nxe4 Nxe4 20. Nd4 Nxg3 21.
fxg3 Bxg3 22. Nf3 Bxf3 23. exf3 Qc5+ 24. Kh1 Qxc4 25. Re4 Rxe4 26. fxe4 Be5 27.
Rc1 Bxc3 28. Qxc3 Qxc3 29. Rxc3 Rd8 30. Kh2 Kf8 31. Kg3 Ke7 32. Kf4 g6 33. Bh3
Kf6 34. a4 Rd4 35. Bc8 Rb4 36. Rd3 Rxa4 37. Bxb7 c5 38. Rd7 h6 39. Rd6+ Ke7 40.
Ke5 c4 41. Bd5 c3 42. Rf6 c2 43. Rxf7+ Kd8 44. Rf1 Rb4 45. Kd6 1-0

[Event "SR Extraliga 2017/2018"]
[Site "?"]
[Date "2017.11.11"]
[Round "3.2"]
[White "Antoniewski, Rafal"]
[Black "Ftacnik, Lubomir"]
[Result "1/2-1/2"]
[WhiteElo "2531"]
[BlackElo "2537"]
[PlyCount "44"]
[EventDate "2017.??.??"]

1. Nf3 Nf6 2. c4 c5 3. Nc3 e6 4. g3 b6 5. Bg2 Bb7 6. O-O Be7 7. d4 cxd4 8. Qxd4
d6 9. Bg5 a6 10. Bxf6 Bxf6 11. Qf4 O-O 12. Rfd1 Be7 13. Ne4 Bxe4 14. Qxe4 Ra7
15. Nd4 Rc7 16. b3 Re8 17. a4 Bf6 18. Qb1 Qc8 19. e3 Nd7 20. Ra2 Rc5 21. Rad2
Be7 22. Rc2 Nf6 1/2-1/2

[Event "SR Extraliga 2017/2018"]
[Site "?"]
[Date "2017.11.11"]
[Round "3.3"]
[White "Plat, Vojtech"]
[Black "Jakubiec, Artur"]
[Result "1/2-1/2"]
[WhiteElo "2560"]
[BlackElo "2512"]
[PlyCount "53"]
[EventDate "2017.??.??"]

1. e4 c5 2. Nf3 d6 3. c3 Nf6 4. Bc4 e6 5. Qe2 Be7 6. d3 Nc6 7. O-O O-O 8. Bg5
e5 9. Bxf6 Bxf6 10. Nbd2 Be6 11. Rfd1 g6 12. a3 Bg7 13. b4 cxb4 14. axb4 Bxc4
15. dxc4 Qc7 16. Nb3 a5 17. bxa5 Nxa5 18. Nxa5 Rxa5 19. Rxa5 Qxa5 20. Rxd6 Qxc3
21. Rd7 Rc8 22. g3 Bf6 23. Nd2 Bg5 24. Nf1 Qxc4 25. Qg4 Bh6 26. Rxb7 Ra8 27.
Rb1 1/2-1/2

[Event "SR Extraliga 2017/2018"]
[Site "?"]
[Date "2017.11.11"]
[Round "3.4"]
[White "Jurcik, Martin"]
[Black "Polak, Tomas"]
[Result "1/2-1/2"]
[WhiteElo "2328"]
[BlackElo "2516"]
[PlyCount "37"]
[EventDate "2017.??.??"]

1. e4 c6 2. d4 d5 3. exd5 cxd5 4. Bd3 Nc6 5. c3 Qc7 6. Ne2 Bg4 7. O-O e6 8. Qe1
Bd6 9. f3 Bf5 10. Bxf5 exf5 11. Bf4 Nge7 12. Qg3 O-O-O 13. Na3 Ng6 14. Bxd6
Qxd6 15. Qxd6 Rxd6 16. Ng3 Nh4 17. Nh5 g5 18. g3 Ng6 19. Rfe1 1/2-1/2

[Event "SR Extraliga 2017/2018"]
[Site "?"]
[Date "2017.11.11"]
[Round "3.5"]
[White "Pacher, Milan"]
[Black "Likavsky, Tomas"]
[Result "1-0"]
[WhiteElo "2449"]
[BlackElo "2436"]
[PlyCount "53"]
[EventDate "2017.??.??"]

1. d4 Nf6 2. c4 e6 3. Nc3 d5 4. cxd5 exd5 5. Bg5 c6 6. e3 Nbd7 7. Bd3 Be7 8.
Nge2 O-O 9. Qc2 Re8 10. O-O-O a5 11. Kb1 b5 12. Ng3 h6 13. Bf4 Bf8 14. Nf5 Ba6
15. g4 a4 16. g5 Nh5 17. Rhg1 Nxf4 18. exf4 hxg5 19. fxg5 Nb6 20. g6 Re6 21.
gxf7+ Kxf7 22. Ne2 b4 23. Bxa6 Rxa6 24. Nf4 Rf6 25. Qe2 Nc4 26. Qh5+ Kg8 27.
Nxg7 1-0